Map Symbols - Statistics

General Stats
  • This quiz has been taken 31 times
  • The average score is 9 of 17
Answer Stats
Picture Answer % Correct
Church
100%
Restaurant
93%
Hospital
86%
Hotel
76%
Campsite
72%
Parking Space
72%
Bank
62%
Veterinary
59%
Windmill
45%
Post Office
41%
Golf Course
38%
Picnic site
38%
View point
28%
Heliport
21%
Information Centre
14%
Youth Hostel
14%
Garden
10%
No matching quizzes found
Score Distribution
Percent of People with Each Score
Percentile by Number Answered
Your Score History
You have not taken this quiz